000 00565nam a2200229Ia 4500
003 OSt
005 20221005115147.0
006 a|||||r|||| 00| 0
007 ta
008 221004b |||||||| |||| 00| 0 eng d
024 _a43395
037 _cTextual
040 _aCRL
_cCRL
_beng
041 _2eng
_aeng
082 _aO:1M12w, G2
100 _aLoth David
_9627213
245 0 _aBrowning
_b A victorian idyll
260 _c1932
650 _aENGLISH LITERATURE
942 _hO:1M12w, G2
_cTEXL
_2cc
999 _c1033611
_d1033611